| 000 | 00605nam a22001935i 4500 | ||
|---|---|---|---|
| 001 | 53166 | ||
| 003 | ES-MaACL | ||
| 005 | 20250704062525.0 | ||
| 007 | t| | ||
| 008 | 950913s1856 fr ||||1| fre d | ||
| 040 |
_aCAM _bspa _cCAM |
||
| 100 | 1 |
_aDumas, Alexandre, _d1802-1870 _eaut _9241135 |
|
| 245 | 1 | 3 |
_aLa comtesse de Charny _b: mémoires d'un médecin / _cpar Alexandre Dumas. |
| 260 |
_aParis : _bDufour, Mulat et Boulanger, _c1856 ( _eLagny : _ftypographie de Vialat et Cie.) |
||
| 300 |
_a2 v. ; _c26 cm. |
||
| 852 |
_aES-MaACL _jG-14768-9 |
||
| 942 | _2udc | ||
| 999 |
_c53166 _d53166 |
||